La vida de Pi

Tras un naufragio en medio del océano Pacífico, el joven hindú Pi, hijo de un guarda de zoo que viajaba de la India a Canadá, se encuentra en un bote salvavidas con un único superviviente, un tigre de bengala con quien labrará una emocionante, increíble e inesperada relación.

Guardado en:
Autor Principal: Lee, Ang.
Autor Corporativo: Rhythm & Hues.
Otros Autores: Magee, David; Guion., Martel, Yann; Novela., Sharma, Suraj; Reparto., Khan, Irrfan; Reparto.
Formato: Deslizar
Idioma:Undetermined
Publicado: Estados Unidos : 20th Century Fox, 2012.
Materias:
Etiquetas: Agregar Etiqueta
Sin Etiquetas, Sea el primero en etiquetar este registro!
LEADER 01238ngm a22002535a 4500
001 CEM.cems020765
008 231214s2012####xx#---############vlund#d
005 20231214190100.0
245 1 0 |a La vida de Pi  |h [videograbación] /  |c Ang Lee. 
260 |a Estados Unidos :  |b 20th Century Fox,  |c 2012. 
300 |a 127'. 
520 |a Tras un naufragio en medio del océano Pacífico, el joven hindú Pi, hijo de un guarda de zoo que viajaba de la India a Canadá, se encuentra en un bote salvavidas con un único superviviente, un tigre de bengala con quien labrará una emocionante, increíble e inesperada relación. 
538 |a 1. Soporte: DVD - Formato: AVI - Peso: 702 mb - Resolución: 640 x 352 23.98 fps -- 2. Soporte: DVD - Formato: MPG - Peso: 3.37 gb - Resolución: 720 x 576 - 25fps 
500 |a Título original: Life of Pi - Idioma: Doblada al español. 
590 |a Identificación anterior: 336 
100 1 |a Lee, Ang. 
700 1 |a Magee, David; Guion. 
700 1 |a Martel, Yann; Novela. 
700 1 |a Sharma, Suraj; Reparto. 
700 1 |a Khan, Irrfan; Reparto. 
710 2 |a Rhythm & Hues. 
653 |a LARGOMETRAJE 
653 |a FICCIÓN 
859 |a CEMS  |b BIB. CEMS - Depto. Recursos Didacticos  |h 778.5  |i LEE  |k DRD  |p 3275.23  |t Ej.1